[Event "Michigan Novice"]
[Site "Auburn Hills"]
[Date "2005.01.15"]
[Round "2.1"]
[White "Hillaker, Andrew"]
[Black "Leever, Ryan"]
[Result "1-0"]
[WhiteElo "607"]
[BlackElo "1067"]
[PlyCount "73"]
[EventDate "2005.01.15"]
[EventType "swiss"]
[EventRounds "5"]
[EventCountry "USA"]
[SourceTitle "EXT 2006"]
[Source "ChessBase"]
[SourceDate "2005.11.24"]
[SourceVersion "1"]
[SourceVersionDate "2005.11.24"]
[SourceQuality "1"]

1. e4 e5 2. Nf3 Nc6 3. d3 Nf6 4. g3 Bc5 5. Bh3 0-0 6. Bg5 a6 7. 0-0 d6 8. Bg2 Nd4 9. Nbd2 b5 10. c3 Nxf3+ 11. Nxf3 Bb7 12. b4 Bb6 13. d4 exd4 14. Nxd4 Re8 15. Re1 a5 16. Nxb5 axb4 17. cxb4 Bc6 18. Nc3 Re5 19. h4 Ra3 20. Qc2 Bd4 21. Bd2 Qd7 22. Rab1 Ng4 23. Kf1 Bxf2 24. Re2 Bd4 25. Bf3 Nf6 26. Kg2 Ng4 27. Rh1 Qe6 28. Bxg4 Qxg4 29. Rhe1 h6 30. Qd3 Bb7 31. Qxd4 Re6 32. b5 Rg6 33. Re3 Bc8 34. Rh1 Ra8 35. a4 f5 36. Qd5+ Be6 37. Qxa8+ 1-0